| 000 | 00851nam a2200217Ia 4500 | ||
|---|---|---|---|
| 001 | 10013 | ||
| 003 | GE_BSU | ||
| 008 | 181216s||||||||xx |||||||||||||| ||und|| | ||
| 040 | _cGE_BSU | ||
| 080 | _a821.353.1–84 | ||
| 100 | _aრუსთაველი,შოთა | ||
| 245 | _aაფორიზმები=Aforismoj:ქართ.და ესპერანტო ენ. | ||
| 245 | _cთარგმნა ზურაბ მაყაშვილმა.რედ.პეტრას ჩელაუსკასი,შოთა ძიძიგური | ||
| 260 | _aთბილისი | ||
| 260 | _bმეცნიერება | ||
| 260 | _c1983 | ||
| 300 | _a80გვ.20სმ. | ||
| 520 | _aპარალ.ტექსტი ესპერანტ.ენაზე | ||
| 653 | _aაფორიზმები | ||
| 942 | _cBK | ||
| 999 |
_c43286 _d43286 |
||